000 00689nam a2200277Ia 4500
005 20260121124637.0
008 008 260114s9999 xx 000 0 eng d
020 _a9781978837775
037 _aEBOOK
040 _aCRL
040 _beng
040 _cCRL
041 _2eng
041 _aeng
084 _qCRL
100 _aMedina, Laurie Kroshus
_9979481
245 0 _aGoverning Maya Communities and Lands in Belize
260 _bWalter de Gruyter
260 _bWalter de Gruyter
260 _c2024
650 _aPolitical Science
_9979482
856 _uhttp://www.degruyter.com/isbn/9781978837775
942 _cEBOOK
999 _c1556123
_d1556123